| 000 | 00565nam a2200169 i 4500 | ||
|---|---|---|---|
| 001 | 55638 | ||
| 003 | ES-MaACL | ||
| 005 | 20230906163202.0 | ||
| 007 | t| | ||
| 008 | 030924s1947 ag ||||1| spa d | ||
| 100 | 1 |
_aDespontin, Luis A. _943921 |
|
| 245 | 1 | 3 |
_aEl derecho del trabajo _b: su evolución en América / _cLuis A. Despontin ; prólogo de Alejandro M. Unsain. |
| 260 |
_aBuenos Aires : _bEdit. Bibliográfica Argentina, _c1947 ( _fMacagno) |
||
| 300 |
_a492 p. ; _c23 cm. |
||
| 700 | 1 |
_aUnsain, Alejandro M. _9112022 |
|
| 852 |
_aES-MaACL _jD-6923 _bR.31703 |
||
| 999 |
_c55638 _d55638 |
||